The Union list of theses and dissertations held by universities and research institutions in Kenya. Issue no. 2 / (Record no. 7039)
[ view plain ]
| 000 -LEADER | |
|---|---|
| fixed length control field | 00763nam a22002172 4500 |
| 001 - CONTROL NUMBER | |
| control field | 0000005390 |
| 005 - DATE AND TIME OF LATEST TRANSACTION | |
| control field | 20151217152004.0 |
| 008 - FIXED-LENGTH DATA ELEMENTS--GENERAL INFORMATION | |
| fixed length control field | 070612s xx 000 0 eng d |
| 020 ## - INTERNATIONAL STANDARD BOOK NUMBER | |
| Terms of availability | KES 500 |
| 040 ## - CATALOGING SOURCE | |
| Original cataloging agency | KABU |
| Transcribing agency | KABU |
| 050 #0 - LIBRARY OF CONGRESS CALL NUMBER | |
| Classification number | Z5055 |
| Item number | .K46U56 |
| 245 14 - TITLE STATEMENT | |
| Title | The Union list of theses and dissertations held by universities and research institutions in Kenya. Issue no. 2 / |
| Statement of responsibility, etc. | compiled by Kenya Information Preservation Society. |
| 260 ## - PUBLICATION, DISTRIBUTION, ETC. (IMPRINT) | |
| Place of publication, distribution, etc. | Nairobi : |
| Name of publisher, distributor, etc. | KIPS, |
| Date of publication, distribution, etc. | 2005. |
| 300 ## - PHYSICAL DESCRIPTION | |
| Extent | 1 CD-ROM. |
| 362 0# - DATES OF PUBLICATION AND/OR SEQUENTIAL DESIGNATION | |
| Dates of publication and/or sequential designation | no. 2. |
| 650 #0 - SUBJECT ADDED ENTRY--TOPICAL TERM | |
| Topical term or geographic name as entry element | Dissertations, Academic |
| Geographic subdivision | Kenya. |
| General subdivision | Bibliography |
| -- | Catalogs. |
| -- | 0000156688 |
| 710 2# - ADDED ENTRY--CORPORATE NAME | |
| Corporate name or jurisdiction name as entry element | Kenya Information Preservation Society. |
| -- | 0000156689 |
| 908 ## - PUT COMMAND PARAMETER (RLIN) | |
| Put command parameter | 070612 |
| 950 ## - LOCAL HOLDINGS (RLIN) | |
| -- | 1 |
| Withdrawn status | Lost status | Source of classification or shelving scheme | Not for loan | Home library | Current library | Date acquired | Total Checkouts | Full call number | Date last seen | Price effective from | Koha item type |
|---|---|---|---|---|---|---|---|---|---|---|---|
| Library of Congress Classification | Kabarak, Main Campus | Kabarak, Main Campus | 17/12/2015 | Z5055 .K46U56 c. 1 | 17/12/2015 | 17/12/2015 | General Collection |